Staré pověsti české /
Nejznámější české pověsti v komiksové podobě. Určeno mladším dětem.
Uloženo v:
| Hlavní autor: | |
|---|---|
| Další autoři: | |
| Médium: | E-kniha |
| Jazyk: | Czech |
| Vydáno: |
Praha :
Fragment,
2014
|
| Vydání: | 1. vyd. |
| Edice: | Obrázkové čtení (Fragment)
|
| Témata: | |
| Tagy: |
Žádné tagy |
| LEADER | 02142nam a2200529 a 4500 | ||
|---|---|---|---|
| 001 | 310818 | ||
| 003 | CZ PrSKC | ||
| 005 | 20260601215655.0 | ||
| 007 | ta | ||
| 008 | 140321s2014 xr a b 000 1 cze | ||
| 015 | |a cnb002575148 | ||
| 020 | |a 9788025320945 |q (váz.) | ||
| 035 | |a (OCoLC)879565246 | ||
| 040 | |a BOA001 |b cze | ||
| 043 | |a e-xr--- | ||
| 072 | 7 | |a 821.162.3-3 |x Česká próza |2 Konspekt | |
| 072 | 7 | |a 821-93 |x Literatura pro děti a mládež (beletrie) |2 Konspekt | |
| 080 | |a 821.162.3-34 |2 MRF | ||
| 080 | |a 821-93 |2 MRF | ||
| 080 | |a 94(437.3) |2 MRF | ||
| 080 | |a (0:82-34) |2 MRF | ||
| 080 | |a (084.1) |2 MRF | ||
| 100 | 1 | |a Pitro, Martin, |d 1971- |7 xx0001782 |4 aut | |
| 245 | 1 | 0 | |a Staré pověsti české / |c Martin Pitro ; ilustroval Antonín Šplíchal |
| 246 | 1 | |i Název v tiráži: |a Obrázkové čtení - Staré pověsti české | |
| 250 | |a 1. vyd. | ||
| 260 | |a Praha : |b Fragment, |c 2014 | ||
| 300 | |a 45 s. : |b vše barev. il. ; |c 29 cm | ||
| 490 | 1 | |a Obrázkové čtení | |
| 520 | 2 | |a Nejznámější české pověsti v komiksové podobě. Určeno mladším dětem. | |
| 520 | 2 | |a S humornou nadsázkou pojaté obrázkové legendy vycházejí v edici První čtení s poučením. | |
| 521 | 8 | |a Pro čtenáře od 7 let | |
| 651 | 7 | |a Česko |7 ge128065 |x dějiny |2 czenas | |
| 651 | 9 | |a Czechia |x history |2 eczenas | |
| 655 | 7 | |a komiksy |7 fd131978 |2 czenas | |
| 655 | 7 | |a české pověsti |7 fd201456 |2 czenas | |
| 655 | 7 | |a publikace pro děti |7 fd133156 |2 czenas | |
| 655 | 9 | |a comics |2 eczenas | |
| 655 | 9 | |a Czech legends |2 eczenas | |
| 655 | 9 | |a children's literature |2 eczenas | |
| 700 | 1 | |a Šplíchal, Antonín, |d 1947- |7 ola2003162788 |4 ill | |
| 830 | 0 | |a Obrázkové čtení (Fragment) | |
| 900 | |a ABA001 |b 17 | ||
| 044 | |a xr | ||
| 910 | |a RBIT002 | ||
| 998 | |d 174755 |a https://core.palmknihy.cz/api/books/174755/cover?bgge0r |b https://core.palmknihy.cz/api/books/174755/cover/400?q8r26y |c https://core.palmknihy.cz/api/books/174755/cover/50?gxus6y |e 2063-04-14 |g 48 |i 9788025320945 |k https://core.palmknihy.cz/api/books/174755/preview.pdf |l |q 49 |r 1 |s https://www.palmknihy.cz/kniha/174755 |t ebook |y 2017 |z 0 | ||
| 999 | |d 310816 | ||